|
|
|
|
| LEADER |
01235nam a2200277 a 4500 |
| 001 |
11947269 |
| 008 |
090712m20002005nyu be 000 0deng d |
| 010 |
|
|
|a 00036741
|
| 020 |
|
|
|a 0195678311
|
| 020 |
|
|
|a 9780195678314
|
| 040 |
|
|
|a DLC
|c DLC
|d DLC
|
| 082 |
0 |
0 |
|a 820.9
|2 21
|
| 245 |
0 |
4 |
|a The Oxford companion to English literature /
|c edited by Margaret Drabble.
|
| 250 |
|
|
|a 6th ed (Indian edition).
|
| 260 |
|
|
|a New York;
|a New Delhi :
|b Oxford University Press,
|c 2000.
|
| 300 |
|
|
|a viii, 1172 p. ;
|c 24 cm.
|
| 541 |
1 |
|
|e 00013965
|
| 650 |
|
0 |
|a English literature
|v Encyclopedias.
|
| 650 |
|
0 |
|a English literature
|x Bio-bibliography
|v Encyclopedias.
|
| 651 |
|
0 |
|a English-speaking countries
|x Intellectual life
|x Encyclopedias.
|
| 651 |
|
0 |
|a English-speaking countries
|x In literature
|x Encyclopedias.
|
| 700 |
1 |
|
|a Drabble, Margaret,
|d 1939-
|
| 852 |
4 |
|
|a Ayesha Abed Library
|j General Shelf.
|
| 999 |
|
|
|c 2390
|d 2390
|
| 952 |
|
|
|0 0
|1 0
|2 ddc
|4 0
|6 820_900000000000000_OXF_2005
|7 0
|9 2210
|a BRACUL
|b BRACUL
|c GEN
|d 2009-07-14
|l 2
|m 16
|o 820.9 OXF
|p 3010013965
|r 2018-07-07
|s 2018-06-27
|t 1
|w 2009-07-14
|y BK
|
| 952 |
|
|
|0 0
|1 0
|2 ddc
|4 0
|6 820_900000000000000_OXF_2000
|7 0
|9 9237
|a BRACUL
|b BRACUL
|c GEN
|d 2010-04-15
|l 0
|o 820.9 OXF
|p 3010014258
|r 2010-04-15
|t 2
|w 2010-04-15
|y BK
|